| 000 | 00458nam a22001577a 4500 | ||
|---|---|---|---|
| 005 | 20251108165551.0 | ||
| 008 | 250721s1989 xx 000 0 ara d | ||
| 082 | 1 | 4 | _aط/612/جسم |
| 245 | 1 | 0 | _aجسم الإنسان / |
| 264 | 1 |
_aدمشق : _bدار الرشيد، _c1989. |
|
| 300 | _a51ص | ||
| 490 | 0 | _aموسوعة الأسئله التعليميه : أجنبي لماذا | |
| 650 | 1 | 7 | _aالفسيولوجيا |
| 942 |
_2ddc _cBK |
||
| 999 |
_c30954 _d30954 |
||